| 000 | 00382nam a2200157Ia 4500 | ||
|---|---|---|---|
| 008 | 151213s9999 xx 000 0 und d | ||
| 020 | _a978014310094-2 | ||
| 100 | _aRussell Ash | ||
| 245 |
_aWorld of Facts _cRussell Ash |
||
| 260 |
_aNew Delhi _bPanchaheel Park _c2007 |
||
| 300 | _a5255 p. | ||
| 650 | _aMagazine | ||
| 650 | _aReference | ||
| 700 | _aRussell Ash | ||
| 999 |
_c3245 _d3245 |
||